Islands by Satellite Image #44 - Statistics

General Stats
  • This quiz has been taken 30 times
    29 since last reset
  • The average score is 10 of 16
Answer Stats
Picture Answer % Correct
Onnajima/Dongdo (Liancourt Rocks)
100%
Blanquilla
75%
Dinagat
75%
Matthew Island
75%
Nunivak
75%
Wetar
75%
Iona
50%
Jindo
50%
Lampione
50%
Motuhaga (Nukunonu)
50%
Petit-Bassam Island
50%
Sherbro
50%
Tanegashima
50%
Vasilyevsky Island
50%
Virgin Gorda
50%
Vitória Island
50%
No matching quizzes found
Score Distribution
Percent of People with Each Score
Percentile by Number Answered
Your Score History
You have not taken this quiz since the last reset